[Event "CZE-tht Extraliga 2018-19"]
[Site "Czech Republic"]
[Date "2019.02.10"]
[Round "8.3"]
[White "Rasik, Vitezslav"]
[Black "Vykouk, Jan"]
[Result "1-0"]
[WhiteElo "2456"]
[BlackElo "2438"]
[Annotator "ChessBase"]
[PlyCount "94"]
[EventDate "2018.11.03"]
[EventType "team-tourn"]
[EventCountry "CZE"]
[SourceTitle "playchess.com"]
[Source "ChessBase"]
[SourceQuality "1"]
[WhiteTeam "Ostrava"]
[BlackTeam "Turnov"]
[TimeControl "40/5400+30:1800+30"]

1. e4 {[%emt 0:00:00]} e6 {[%emt 0:00:00]} 2. d3 {[%emt 0:00:07]} c5 {[%emt 0:00:00]} 3. Nf3 {[%emt 0:00:17]} Nc6 {[%emt 0:00:06]} 4. g3 {[%emt 0:00:29]} g6 {[%emt 0:00:09]} 5. Bg2 {[%emt 0:00:29]} Bg7 {[%emt 0:00:07]} 6. O-O {[%emt 0:00:16]} Nge7 {[%emt 0:00:08]} 7. c3 {[%emt 0:03:03]} O-O {[%emt 0:02:16]} 8. Nbd2 {[%emt 0:11:49]} b6 {[%emt 0:00:44]} 9. Re1 {[%emt 0:01:55]} Ba6 {[%emt 0:02:04]} 10. Nb3 {[%emt 0:11:42]} Rc8 {[%emt 0:01:00]} 11. d4 {[%emt 0:06:13]} cxd4 {[%emt 0:02:03]} 12. Nbxd4 {[%emt 0:03:22]} Nxd4 {[%emt 0:02:16]} 13. Nxd4 {[%emt 0:08:12]} Nc6 {[%emt 0:03:26]} 14. Nxc6 {[%emt 0:07:07]} dxc6 {[%emt 0:00:17]} 15. Qxd8 {[%emt 0:01:15]} Rfxd8 {[%emt 0:00:09]} 16. Bg5 {[%emt 0:00:24]} f6 {[%emt 0:00:43]} 17. Be3 {[%emt 0:00:47]} Kf7 {[%emt 0:00:51]} 18. a4 {[%emt 0:06:56]} Bd3 {[%emt 0:00:09]} 19. a5 {[%emt 0:01:16]} bxa5 {[%emt 0:00:06]} 20. Bxa7 {[%emt 0:03:56]} Bc4 {[%emt 0:07:57]} 21. Bf1 {[%emt 0:06:50]} Bxf1 {[%emt 0:03:36]} 22. Kxf1 {[%emt 0:00:11]} Ra8 {[%emt 0:01:43]} 23. Rxa5 {[%emt 0:01:04]} Rd7 {[%emt 0:00:02]} 24. Rea1 {[%emt 0:02:03]} Rd2 {[%emt 0:00:07]} 25. b4 {[%emt 0:08:44]} f5 {[%emt 0:04:12]} 26. Be3 {[%emt 0:02:37]} Rxa5 {[%emt 0:00:39]} 27. bxa5 {[%emt 0:00:09]} Rd8 {[%emt 0:00:05]} 28. a6 {[%emt 0:03:09]} Bxc3 {[%emt 0:00:12]} 29. Rc1 {[%emt 0:04:02]} Bd4 {[%emt 0:01:37]} 30. Bxd4 {[%emt 0:00:25]} Rxd4 {[%emt 0:00:04]} 31. exf5 {[%emt 0:00:25]} gxf5 {[%emt 0:01:12]} 32. Rxc6 {[%emt 0:02:24]} h5 {[%emt 0:00:12]} 33. a7 {[%emt 0:01:02]} Ra4 {[%emt 0:00:03]} 34. Rc7+ {[%emt 0:00:03]} Kf6 {[%emt 0:00:04]} 35. Ke2 {[%emt 0:01:18]} Ra3 {[%emt 0:00:19]} 36. f4 {[%emt 0:02:46]} h4 {[%emt 0:01:20]} 37. Kd2 {[%emt 0:00:55]} hxg3 {[%emt 0:00:29]} 38. hxg3 {[%emt 0:00:07]} Kg6 {[%emt 0:00:07]} 39. Kc2 {[%emt 0:00:39]} Kh5 {[%emt 0:00:32]} 40. Rh7+ {[%emt 0:00:47]} Kg4 {[%emt 0:01:52]} 41. Rg7+ {[%emt 0:02:03]} Kf3 {[%emt 0:00:14]} 42. Kb2 {[%emt 0:00:30]} Ra6 {[%emt 0:00:05]} 43. Kc3 {[%emt 0:01:20]} Ke4 {[%emt 0:00:14]} 44. Kc4 {[%emt 0:00:28]} Ra1 {[%emt 0:01:25]} 45. Kc5 {[%emt 0:00:39]} Rc1+ {[%emt 0:00:30]} 46. Kb6 {[%emt 0:00:54]} Rb1+ {[%emt 0:00:07]} 47. Kc7 {[%emt 0:00:15]} Kd5 1-0

[Event "CZE-tht Extraliga 2018-19"]
[Site "Czech Republic"]
[Date "2019.02.10"]
[Round "8.3"]
[White "Cernousek, Lukas"]
[Black "Mroziak, Maciej"]
[Result "1-0"]
[WhiteElo "2425"]
[BlackElo "2382"]
[Annotator "NA"]
[PlyCount "79"]
[EventDate "2018.11.03"]
[EventType "team-tourn"]
[EventCountry "CZE"]
[SourceTitle "playchess.com"]
[Source "ChessBase"]
[SourceQuality "1"]
[WhiteTeam "Siesta"]
[BlackTeam "Cesky Tesin"]
[TimeControl "40/5400+30:1800+30"]

1. e4 {[%emt 0:00:00]} d5 {[%emt 0:00:21]} 2. exd5 {[%emt 0:00:00]} Nf6 {[%emt 0:00:05]} 3. d4 {[%emt 0:01:17]} Bg4 {[%emt 0:00:07]} 4. Bb5+ {[%emt 0:00:56]} c6 {[%emt 0:03:10]} 5. dxc6 {[%emt 0:00:16]} Qa5+ {[%emt 0:02:01]} 6. Nc3 {[%emt 0:00:30]} Nxc6 {[%emt 0:00:31]} 7. Nge2 {[%emt 0:01:44]} O-O-O {[%emt 0:00:51]} 8. Bxc6 {[%emt 0:01:11]} bxc6 {[%emt 0:00:05]} 9. h3 {[%emt 0:00:18]} Bh5 {[%emt 0:08:55]} 10. Qd3 {[%emt 0:00:58]} e5 {[%emt 0:11:41]} 11. Qc4 {[%emt 0:42:22]} Bb4 {[%emt 0:53:37]} 12. dxe5 {[%emt 0:23:04]} Nd5 {[%emt 0:01:19]} 13. O-O {[%emt 0:01:46]} Nxc3 {[%emt 0:06:38]} 14. Nxc3 {[%emt 0:01:00]} Bxc3 {[%emt 0:00:51]} 15. Qxc6+ {[%emt 0:12:18]} Qc7 {[%emt 0:00:03]} 16. Qa6+ {[%emt 0:00:10]} Qb7 {[%emt 0:00:06]} 17. Qxb7+ {[%emt 0:00:17]} Kxb7 {[%emt 0:00:03]} 18. bxc3 {[%emt 0:00:03]} Bg6 {[%emt 0:00:34]} 19. Rb1+ {[%emt 0:00:26]} Kc6 {[%emt 0:00:15]} 20. Be3 {[%emt 0:01:16]} Bxc2 {[%emt 0:00:41]} 21. Rb2 {[%emt 0:00:13]} Bd3 {[%emt 0:00:05]} 22. Rd1 {[%emt 0:00:21]} Bc4 {[%emt 0:01:43]} 23. Rd4 {[%emt 0:06:09]} Rxd4 {[%emt 0:00:30]} 24. Bxd4 {[%emt 0:00:01]} a5 {[%emt 0:02:57]} 25. a4 {[%emt 0:01:31]} h5 {[%emt 0:02:29]} 26. f3 {[%emt 0:00:15]} Ra8 {[%emt 0:01:26]} 27. Kf2 {[%emt 0:00:04]} g6 {[%emt 0:00:58]} 28. Kg3 {[%emt 0:02:44]} Kc7 {[%emt 0:00:33]} 29. Kf4 {[%emt 0:00:21]} Rb8 {[%emt 0:00:09]} 30. Rxb8 {[%emt 0:02:41]} Kxb8 {[%emt 0:00:03]} 31. g4 {[%emt 0:00:44]} Kc7 {[%emt 0:01:04]} 32. Kg5 {[%emt 0:00:12]} Bb3 {[%emt 0:01:34]} 33. gxh5 {[%emt 0:00:30]} gxh5 {[%emt 0:00:03]} 34. f4 {[%emt 0:00:31]} Bxa4 {[%emt 0:00:39]} 35. Kxh5 {[%emt 0:00:33]} Bb3 {[%emt 0:00:47]} 36. Kg5 {[%emt 0:00:38]} a4 {[%emt 0:00:22]} 37. Bc5 {[%emt 0:00:21]} Kc6 {[%emt 0:00:35]} 38. Bb4 {[%emt 0:00:03]} Kd5 {[%emt 0:00:12]} 39. Kf6 {[%emt 0:00:56]} Ke4 {[%emt 0:00:30]} 40. f5 {[%emt 0:00:14]} 1-0

[Event "CZE-tht Extraliga 2018-19"]
[Site "Czech Republic"]
[Date "2019.02.10"]
[Round "8.3"]
[White "Jurcik, Martin"]
[Black "Blahynka, Martin"]
[Result "1/2-1/2"]
[WhiteElo "2346"]
[BlackElo "2426"]
[Annotator "NA"]
[PlyCount "88"]
[EventDate "2018.11.03"]
[EventType "team-tourn"]
[EventCountry "CZE"]
[SourceTitle "playchess.com"]
[Source "ChessBase"]
[SourceQuality "1"]
[WhiteTeam "Siesta B"]
[BlackTeam "Duras"]
[TimeControl "40/5400+30:1800+30"]

1. e4 {[%emt 0:00:00]} e5 {[%emt 0:00:00]} 2. Nf3 {[%emt 0:00:00]} Nc6 {[%emt 0:00:00]} 3. Bc4 {[%emt 0:00:34]} Bc5 {[%emt 0:00:00]} 4. c3 {[%emt 0:00:46]} Nf6 {[%emt 0:00:00]} 5. d3 {[%emt 0:00:57]} a6 {[%emt 0:03:16]} 6. a4 {[%emt 0:17:03]} O-O {[%emt 0:01:02]} 7. Bg5 {[%emt 0:03:08]} h6 {[%emt 0:01:10]} 8. Bh4 {[%emt 0:00:10]} d6 {[%emt 0:22:23]} 9. Nbd2 {[%emt 0:15:15]} Be6 {[%emt 0:07:23]} 10. O-O {[%emt 0:02:29]} Qe7 {[%emt 0:03:16]} 11. Re1 {[%emt 0:01:20]} Rab8 {[%emt 0:10:41]} 12. a5 {[%emt 0:06:16]} Bxc4 {[%emt 0:04:11]} 13. Nxc4 {[%emt 0:00:38]} Qe6 {[%emt 0:00:10]} 14. Ra4 {[%emt 0:07:15]} Ba7 {[%emt 0:24:42]} 15. d4 {[%emt 0:04:21]} exd4 {[%emt 0:03:34]} 16. cxd4 {[%emt 0:01:34]} d5 {[%emt 0:01:59]} 17. exd5 {[%emt 0:02:31]} Qxd5 {[%emt 0:00:04]} 18. Bxf6 {[%emt 0:00:39]} gxf6 {[%emt 0:00:04]} 19. Ne3 {[%emt 0:01:19]} Qh5 {[%emt 0:01:36]} 20. d5 {[%emt 0:03:30]} Ne5 {[%emt 0:01:49]} 21. Nxe5 {[%emt 0:01:13]} Qxd1 {[%emt 0:00:18]} 22. Rxd1 {[%emt 0:00:57]} fxe5 {[%emt 0:00:10]} 23. Nf5 {[%emt 0:12:39]} Rfd8 {[%emt 0:10:09]} 24. Rg4+ {[%emt 0:06:36]} Kf8 {[%emt 0:00:06]} 25. Nxh6 {[%emt 0:00:09]} Ke7 {[%emt 0:00:40]} 26. Rd3 {[%emt 0:02:26]} b6 {[%emt 0:02:47]} 27. Rc4 {[%emt 0:04:41]} bxa5 {[%emt 0:01:07]} 28. Rxc7+ {[%emt 0:03:18]} Rd7 {[%emt 0:00:06]} 29. Nf5+ {[%emt 0:00:07]} Kd8 {[%emt 0:00:13]} 30. Rxd7+ {[%emt 0:01:29]} Kxd7 {[%emt 0:00:05]} 31. Rd2 {[%emt 0:00:18]} Rb4 {[%emt 0:01:01]} 32. g3 {[%emt 0:00:13]} Bd4 {[%emt 0:00:39]} 33. Nxd4 {[%emt 0:01:33]} exd4 {[%emt 0:00:05]} 34. Kg2 {[%emt 0:00:41]} Kd6 {[%emt 0:00:05]} 35. Kf3 {[%emt 0:00:16]} Kxd5 {[%emt 0:00:05]} 36. Kf4 {[%emt 0:00:16]} a4 {[%emt 0:00:57]} 37. h4 {[%emt 0:00:16]} a3 {[%emt 0:01:14]} 38. bxa3 {[%emt 0:00:06]} Rb1 {[%emt 0:00:04]} 39. Rc2 {[%emt 0:01:59]} d3 {[%emt 0:00:20]} 40. Rc7 {[%emt 0:00:29]} Kd4 {[%emt 0:01:02]} 41. Rd7+ {[%emt 0:15:07]} Kc3 {[%emt 0:00:00]} 42. Rc7+ {[%emt 0:00:04]} Kd4 {[%emt 0:00:00]} 43. Rd7+ {[%emt 0:00:04]} Kc3 {[%emt 0:00:00]} 44. Rc7+ {[%emt 0:00:02]} Kd4 {[%emt 0:08:12] Ke4+ Ke5+} 1/2-1/2

[Event "CZE-tht Extraliga 2018-19"]
[Site "Czech Republic"]
[Date "2019.02.10"]
[Round "8.4"]
[White "Votava, Jan"]
[Black "Cvek, Robert"]
[Result "1/2-1/2"]
[WhiteElo "2522"]
[BlackElo "2512"]
[Annotator "TA"]
[PlyCount "40"]
[EventDate "2018.11.03"]
[EventType "team-tourn"]
[EventCountry "CZE"]
[SourceTitle "playchess.com"]
[Source "ChessBase"]
[SourceQuality "1"]
[WhiteTeam "Pardubice"]
[BlackTeam "Poruba"]

{[%evp 13,40,26,45,45,45,45,45,45,45,45,53,54,53,44,54,12,6,0,45,33,40,25,27,27,54,63,63,36,65]} 1. d4 Nf6 2. c4 e6 3. Nc3 d5 4. cxd5 exd5 5. Bg5 c6 6. e3 Bf5 7. Qf3 Be6 8. Bxf6 {D35: Queen's Gambit Declined: Exchange Variation} Qxf6 9. Qxf6 gxf6 10. Bd3 Nd7 11. Nge2 Nb6 12. Nf4 a5 $146 ({Predecessor:} 12... h5 13. h4 Bd6 14. Nce2 Nc8 15. Bc2 Ne7 {½-½ (38) Jakovenko,D (2735)-Liu,Q (2538) China 2018}) 13. h4 Bh6 14. Nxe6 fxe6 15. g4 Kf7 16. f4 Bf8 17. Ke2 h6 18. Raf1 h5 19. g5 f5 20. Nb1 Bd6 {Accuracy: White = 66%, Black = 53%.} 1/2-1/2

[Event "CZE-tht Extraliga 2018-19"]
[Site "Czech Republic"]
[Date "2019.02.10"]
[Round "8.4"]
[White "Nayhebaver, Martin"]
[Black "Plat, Vojtech"]
[Result "1/2-1/2"]
[WhiteElo "2462"]
[BlackElo "2533"]
[Annotator "ChessBase"]
[PlyCount "77"]
[EventDate "2018.11.03"]
[EventType "team-tourn"]
[EventCountry "CZE"]
[SourceTitle "playchess.com"]
[Source "ChessBase"]
[SourceQuality "1"]
[WhiteTeam "Brno"]
[BlackTeam "Lysa nad Labem"]
[TimeControl "40/5400+30:1800+30"]

1. e4 {[%emt 0:00:00]} c5 {[%emt 0:00:00]} 2. Nf3 {[%emt 0:00:13]} Nc6 {[%emt 0:00:00]} 3. d4 {[%emt 0:00:37]} cxd4 {[%emt 0:00:02]} 4. Nxd4 {[%emt 0:00:04]} e6 {[%emt 0:00:17]} 5. Nc3 {[%emt 0:00:35]} d6 {[%emt 0:00:04]} 6. g4 {[%emt 0:01:29]} Be7 {[%emt 0:02:23]} 7. Be3 {[%emt 0:00:57]} a6 {[%emt 0:03:54]} 8. Qe2 {[%emt 0:01:58]} Bd7 {[%emt 0:00:12]} 9. O-O-O {[%emt 0:02:44]} b5 {[%emt 0:00:20]} 10. Nxc6 {[%emt 0:02:54]} Bxc6 {[%emt 0:00:09]} 11. Bd4 {[%emt 0:00:09]} Bf6 {[%emt 0:06:07]} 12. f4 {[%emt 0:24:25]} Bxd4 {[%emt 0:05:29]} 13. Rxd4 {[%emt 0:00:14]} Ne7 {[%emt 0:00:03]} 14. Bg2 {[%emt 0:02:44]} Qc7 {[%emt 0:00:41]} 15. Rhd1 {[%emt 0:01:57]} e5 {[%emt 0:06:54]} 16. R4d2 {[%emt 0:14:47]} b4 {[%emt 0:02:52]} 17. Nd5 {[%emt 0:01:23]} Bxd5 {[%emt 0:00:05]} 18. exd5 {[%emt 0:00:19]} Ng6 {[%emt 0:07:12]} 19. Rd4 {[%emt 0:05:15]} Qa5 {[%emt 0:01:35]} 20. Qc4 {[%emt 0:05:12]} O-O {[%emt 0:05:37]} 21. fxe5 {[%emt 0:00:41]} Nxe5 {[%emt 0:14:20]} 22. Qxb4 {[%emt 0:00:51]} Qxa2 {[%emt 0:01:03]} 23. Qa4 {[%emt 0:00:37]} Qxa4 {[%emt 0:00:05]} 24. Rxa4 {[%emt 0:00:04]} a5 {[%emt 0:02:20]} 25. Kd2 {[%emt 0:04:14]} f5 {[%emt 0:08:57]} 26. gxf5 {[%emt 0:01:15]} Rxf5 {[%emt 0:00:15]} 27. Rf1 {[%emt 0:01:09]} Rg5 {[%emt 0:00:19]} 28. Bh3 {[%emt 0:00:49]} g6 {[%emt 0:00:02]} 29. Rf2 {[%emt 0:12:23]} Kg7 {[%emt 0:00:25]} 30. Be6 {[%emt 0:00:12]} Rg1 {[%emt 0:03:43]} 31. b4 {[%emt 0:05:22]} Nc4+ {[%emt 0:04:06]} 32. Ke2 {[%emt 0:00:03]} Rc1 {[%emt 0:01:55]} 33. Rf7+ {[%emt 0:00:14]} Kh6 {[%emt 0:00:05]} 34. bxa5 {[%emt 0:00:33]} Rxc2+ {[%emt 0:00:08]} 35. Kd3 {[%emt 0:01:31]} Nb2+ {[%emt 0:00:04]} 36. Kxc2 {[%emt 0:00:05]} Nxa4 {[%emt 0:00:02]} 37. Rd7 {[%emt 0:03:08]} Rxa5 {[%emt 0:00:24]} 38. Rxd6 {[%emt 0:01:54]} Nc5 {[%emt 0:00:05]} 39. Rc6 {[%emt 0:05:39]} 1/2-1/2

[Event "CZE-tht Extraliga 2018-19"]
[Site "Czech Republic"]
[Date "2019.02.10"]
[Round "8.4"]
[White "Kraus, Tomas"]
[Black "Koziol, Kamil"]
[Result "1/2-1/2"]
[WhiteElo "2458"]
[BlackElo "2265"]
[Annotator "ChessBase"]
[PlyCount "132"]
[EventDate "2018.11.03"]
[EventType "team-tourn"]
[EventCountry "CZE"]
[SourceTitle "playchess.com"]
[Source "ChessBase"]
[SourceQuality "1"]
[WhiteTeam "Turnov"]
[BlackTeam "Ostrava"]
[TimeControl "40/5400+30:1800+30"]

1. d4 {[%emt 0:00:00]} Nf6 {[%emt 0:00:00]} 2. Nf3 {[%emt 0:00:08]} d5 {[%emt 0:00:10]} 3. e3 {[%emt 0:00:47]} c5 {[%emt 0:02:04]} 4. c4 {[%emt 0:05:18]} e6 {[%emt 0:02:33]} 5. a3 {[%emt 0:01:22]} a6 {[%emt 0:18:29]} 6. dxc5 {[%emt 0:03:49]} Bxc5 {[%emt 0:03:03]} 7. b4 {[%emt 0:02:08]} Be7 {[%emt 0:02:12]} 8. Nbd2 {[%emt 0:01:18]} O-O {[%emt 0:10:04]} 9. Bb2 {[%emt 0:00:14]} b6 {[%emt 0:05:45]} 10. Bd3 {[%emt 0:04:02]} Bb7 {[%emt 0:02:34]} 11. O-O {[%emt 0:01:11]} Nbd7 {[%emt 0:03:17]} 12. Qb1 {[%emt 0:14:54]} h6 {[%emt 0:04:38]} 13. Rd1 {[%emt 0:01:41]} Rc8 {[%emt 0:01:15]} 14. Qa2 {[%emt 0:03:34]} Qc7 {[%emt 0:06:10]} 15. Rac1 {[%emt 0:01:15]} Qb8 {[%emt 0:00:24]} 16. Qa1 {[%emt 0:03:50]} dxc4 {[%emt 0:05:14]} 17. Nxc4 {[%emt 0:05:06]} Rfd8 {[%emt 0:01:22]} 18. Nfe5 {[%emt 0:04:18]} b5 {[%emt 0:10:14]} 19. Na5 {[%emt 0:08:02]} Nxe5 {[%emt 0:01:36]} 20. Bxe5 {[%emt 0:00:57]} Qa8 {[%emt 0:00:33]} 21. Rxc8 {[%emt 0:02:32]} Rxc8 {[%emt 0:00:56]} 22. Nxb7 {[%emt 0:08:26]} Qxb7 {[%emt 0:00:06]} 23. Be2 {[%emt 0:00:16]} Qb6 {[%emt 0:04:56]} 24. Rc1 {[%emt 0:02:01]} Qd8 {[%emt 0:03:24]} 25. Rxc8 {[%emt 0:07:43]} Qxc8 {[%emt 0:00:05]} 26. Bf3 {[%emt 0:01:09]} Ne8 {[%emt 0:02:19]} 27. g3 {[%emt 0:05:37]} Bf6 {[%emt 0:05:51]} 28. Bxf6 {[%emt 0:02:02]} Nxf6 {[%emt 0:00:06]} 29. Kg2 {[%emt 0:01:23]} Qc7 {[%emt 0:00:46]} 30. a4 {[%emt 0:02:17]} Qc4 {[%emt 0:01:14]} 31. axb5 {[%emt 0:00:50]} Qxb5 {[%emt 0:00:48]} 32. Qc3 {[%emt 0:02:04]} Nd5 {[%emt 0:01:41]} 33. Qc8+ {[%emt 0:01:20]} Kh7 {[%emt 0:00:04]} 34. Qf8 {[%emt 0:01:13]} Qd7 {[%emt 0:01:53]} 35. h4 {[%emt 0:02:41]} Nc7 {[%emt 0:01:02]} 36. h5 {[%emt 0:01:02]} Qe8 {[%emt 0:00:36]} 37. Qd6 {[%emt 0:00:40]} Qc8 {[%emt 0:00:31]} 38. Be2 {[%emt 0:01:11]} Qb7+ {[%emt 0:00:30]} 39. Kg1 {[%emt 0:00:34]} Qc8 {[%emt 0:00:33]} 40. Qc6 {[%emt 0:00:34]} Qb8 {[%emt 0:00:27]} 41. Bd3+ {[%emt 0:04:37]} Kg8 {[%emt 0:02:58]} 42. e4 {[%emt 0:02:47]} Kh8 {[%emt 0:05:57]} 43. Bc4 {[%emt 0:02:45]} Kg8 {[%emt 0:04:00]} 44. Kg2 {[%emt 0:00:24]} Nb5 {[%emt 0:03:50]} 45. Qxa6 {[%emt 0:05:48]} Nd6 {[%emt 0:01:14]} 46. e5 {[%emt 0:04:35]} Nxc4 {[%emt 0:07:06]} 47. Qxc4 {[%emt 0:00:05]} Qa8+ {[%emt 0:00:14]} 48. f3 {[%emt 0:05:11]} Qa4 {[%emt 0:00:26]} 49. Kf2 {[%emt 0:00:41]} Qa7+ {[%emt 0:00:52]} 50. Ke2 {[%emt 0:01:05]} Qa1 {[%emt 0:00:16]} 51. f4 {[%emt 0:05:44]} Qh1 {[%emt 0:01:34]} 52. b5 {[%emt 0:01:36]} Qg2+ {[%emt 0:00:05]} 53. Kd1 {[%emt 0:00:10]} Qxg3 {[%emt 0:00:54]} 54. Qb4 {[%emt 0:00:30]} Qd3+ {[%emt 0:02:25]} 55. Kc1 {[%emt 0:00:05]} Qe3+ {[%emt 0:00:23]} 56. Kc2 {[%emt 0:00:06]} Qe2+ {[%emt 0:00:54]} 57. Kc3 {[%emt 0:01:07]} Qe1+ {[%emt 0:01:31]} 58. Kc4 {[%emt 0:00:45]} Qe4+ {[%emt 0:00:05]} 59. Kb3 {[%emt 0:00:49]} Qb1+ {[%emt 0:00:37]} 60. Ka4 {[%emt 0:00:27]} Qa1+ {[%emt 0:00:21]} 61. Qa3 {[%emt 0:00:45]} Qd4+ {[%emt 0:00:10]} 62. Qb4 {[%emt 0:00:38]} Qa1+ {[%emt 0:00:02]} 63. Kb3 {[%emt 0:00:33]} Qb1+ {[%emt 0:00:02]} 64. Kc4 {[%emt 0:00:18]} Qe4+ {[%emt 0:00:02]} 65. Kc3 {[%emt 0:00:05]} Qe1+ {[%emt 0:00:06]} 66. Kb3 {[%emt 0:01:05]} Qb1+ {[%emt 0:00:30]} 1/2-1/2

[Event "CZE-tht Extraliga 2018-19"]
[Site "Czech Republic"]
[Date "2019.02.10"]
[Round "8.4"]
[White "Zwardon, Vojtech"]
[Black "Ragger, Markus"]
[Result "1/2-1/2"]
[WhiteElo "2455"]
[BlackElo "2683"]
[Annotator "TA"]
[PlyCount "211"]
[EventDate "2018.11.03"]
[EventType "team-tourn"]
[EventCountry "CZE"]
[SourceTitle "playchess.com"]
[Source "ChessBase"]
[SourceQuality "1"]
[WhiteTeam "Beskydska"]
[BlackTeam "Novoborsky"]

{[%evp 9,211,0,0,0,0,0,0,0,0,-14,0,-11,0,-21,-15,-4,0,0,0,0,0,0,0,0,0,0,0,0,1,8,20,0,32,29,35,29,56,17,68,75,68,70,77,73,77,67,61,28,91,101,93,71,80,33,77,57,74,77,72,54,77,71,107,23,18,24,72,72,72,72,72,72,72,70,72,72,72,72,72,36,72,36,73,72,72,27,31,0,0,0,0,0,0,0,0,0,0,0,0,0,8,0,0,0,0,0,0,0,0,0,0,0,0,0,0,0,0,0,0,0,0,0,0,0,0,0,0,0,0,0,0,0,0,0,0,-8,0,0,0,-8,-8,-8,-8,-8,-8,-8,-8,-8,-8,-8,-8,-8,-8,-67,-67,-67,-80,-80,-73,-73,-73,-79,-8,-8,-8,-8,-8,-8,-8,-8,-8,-8,0,-8,-8,-8,-8,-8,-8,-8,-8,-8,-8,-8,-8,-8,-8,-8,-8,-8,-8,-8,-8,-8,0,-8,-8,-8,-8,-8,-8,-8,-8,-8]} 1. c4 c5 2. g3 g6 3. Bg2 Bg7 4. Nc3 Nc6 5. a3 e6 6. h4 {A36: Symmetrical English vs ...g6: 4 Bg2 Bg7} (6. Rb1 Nge7 7. b4 d6 8. Nf3 O-O 9. O-O b6 10. e3 d5 11. bxc5 bxc5 12. Na4 Qd6 13. d3 Ba6 14. Qc2 Rab8 15. Rxb8 Rxb8 16. cxd5 Nxd5 17. e4 {½-½ (33) Ding,L (2773)-Svidler,P (2755) Moscow 2017}) 6... h6 7. Nh3 $146 ({Predecessor:} 7. b4 d6 8. Rb1 Nge7 9. Nh3 O-O 10. Nf4 e5 11. Nfd5 cxb4 12. axb4 Nxd5 13. Nxd5 Bg4 {1-0 (38) Tassi,O (2300)-Lapiccirella,M (2243) Porto San Giorgio 2006}) 7... Nge7 8. Nf4 O-O 9. O-O d6 10. Rb1 b6 11. b4 {And now b5 would win.} Bb7 12. Bb2 Qd7 13. Qa4 Rfd8 14. d3 Nd4 15. Qxd7 Rxd7 16. Bxb7 Rxb7 17. Ne4 {[%cal Bc3e4,Be4d2,Bd2f3][%mdl 32]} d5 18. cxd5 exd5 19. Nd2 cxb4 20. axb4 Rc8 21. Bxd4 Bxd4 22. Nf3 Bf6 23. d4 a6 (23... Bg7 $11) 24. e3 $14 Ra7 25. Rb3 Bg7 26. Ra1 Bf8 27. Rba3 Rca8 $1 28. Rc3 Rd8 (28... f6 $1 $11 {keeps the balance.}) 29. Ne5 $16 g5 30. hxg5 hxg5 31. Nfd3 Kg7 32. Rac1 a5 33. bxa5 bxa5 34. Nc5 Rda8 35. Ra1 a4 36. Ra2 (36. Ned7 $1 $16) 36... a3 $11 37. Kg2 Nc8 38. Nc6 Rc7 {[#]} 39. Nb4 $1 Bxc5 40. Nxd5 Rc6 41. dxc5 Ra5 42. Rcxa3 Rxa3 43. Rxa3 Rxc5 $16 {[%mdl 4096] Endgame KRN-KRN} 44. Nc3 Nd6 45. Ne2 Rc2 46. Nd4 Rb2 47. Ra5 Ne4 48. Rf5 f6 49. g4 Kf7 50. Nc6 Ke6 51. Kg1 Rb1+ 52. Kh2 Rb2 53. Kg2 Ra2 54. Nd4+ Kf7 55. Nb5 Rc2 56. Kf1 Rb2 57. Nc7 Rb1+ 58. Kg2 Rb2 59. Kg1 Rb1+ 60. Kh2 Rb2 61. Kg2 Ke7 62. Kf3 Nd2+ 63. Kg3 {Hoping for Nd5+.} Ne4+ 64. Kg2 Kf7 65. Na6 Nd6 66. Ra5 Nc4 67. Rc5 Nxe3+ {[%mdl 64] Double Attack} 68. Kg3 Nd1 69. Rf5 Nc3 70. Nc5 Ne2+ 71. Kg2 Rb4 72. Nd3 Rb3 73. Nc5 Rb4 74. Nd3 Rd4 75. Kf3 Ng1+ 76. Ke3 Rxg4 77. Ne5+ Ke6 {[%mdl 64] Double Attack} 78. Nxg4 Kxf5 $11 {KN-KN} 79. Nh6+ Kg6 80. Ng8 $1 Nh3 {Strongly threatening ...Kf7.} 81. Ne7+ Kf7 82. Nf5 Ke6 $1 {[%cal Re6f5]} 83. Nd4+ Kd5 84. Ne2 Ke5 85. Nd4 {[#]} f5 (85... Nf4 $1 $17 {...Ng2+ is the strong threat.} 86. Nc6+ Kd6) 86. Ne2 $1 {The position is equal.} Kd5 87. Kf3 g4+ 88. Ke3 Ke6 89. Nf4+ Kf6 90. Ne2 Ke6 91. Nf4+ Ke5 92. Nd3+ Kf6 {Threatening ...Ng5.} 93. Nf4 Ng1 94. Nd5+ Ke5 95. Nf4 Nf3 96. Nd3+ Kf6 97. Kf4 Nd4 {White should prevent ...Ne6+.} 98. Nc5 Ne2+ 99. Ke3 Nc3 {With the idea ...Nd5+.} 100. Kf4 Nd5+ 101. Kg3 Nc3 {Threatens to win with ...Ne2+.} 102. f3 gxf3 103. Kxf3 Ke5 104. Nd3+ Kd4 105. Kf4 Kxd3 106. Kxf5 {Accuracy: White = 71%, Black = 69%.} 1/2-1/2

[Event "CZE-tht Extraliga 2018-19"]
[Site "Czech Republic"]
[Date "2019.02.10"]
[Round "8.4"]
[White "Blohberger, Felix"]
[Black "Vrbata, Zbynek"]
[Result "1-0"]
[WhiteElo "2451"]
[BlackElo "2344"]
[Annotator "ChessBase"]
[PlyCount "67"]
[EventDate "2018.11.03"]
[EventType "team-tourn"]
[EventCountry "CZE"]
[SourceTitle "playchess.com"]
[Source "ChessBase"]
[SourceQuality "1"]
[WhiteTeam "Duras"]
[BlackTeam "Siesta B"]
[TimeControl "40/5400+30:1800+30"]

1. Nf3 {[%emt 0:00:00]} Nf6 {[%emt 0:00:00]} 2. c4 {[%emt 0:00:18]} g6 {[%emt 0:00:01]} 3. b3 {[%emt 0:00:07]} Bg7 {[%emt 0:00:14]} 4. Bb2 {[%emt 0:00:05]} O-O {[%emt 0:00:21]} 5. Nc3 {[%emt 0:00:36]} c6 {[%emt 0:05:14]} 6. e3 {[%emt 0:02:01]} Re8 {[%emt 0:03:36]} 7. d4 {[%emt 0:00:06]} d5 {[%emt 0:02:27]} 8. Bd3 {[%emt 0:12:42]} Bg4 {[%emt 0:13:06]} 9. h3 {[%emt 0:03:23]} Bxf3 {[%emt 0:00:19]} 10. Qxf3 {[%emt 0:00:22]} e6 {[%emt 0:00:23]} 11. O-O {[%emt 0:04:59]} Nbd7 {[%emt 0:00:42]} 12. Rfd1 {[%emt 0:04:14]} Qe7 {[%emt 0:04:21]} 13. Bf1 {[%emt 0:01:12]} Rac8 {[%emt 0:08:06]} 14. Rac1 {[%emt 0:05:21]} Red8 {[%emt 0:01:28]} 15. a3 {[%emt 0:06:25]} h6 {[%emt 0:09:10]} 16. Qe2 {[%emt 0:11:55]} Qe8 {[%emt 0:09:22]} 17. g3 {[%emt 0:03:07]} dxc4 {[%emt 0:05:56]} 18. bxc4 {[%emt 0:01:01]} e5 {[%emt 0:01:51]} 19. Qc2 {[%emt 0:03:41]} exd4 {[%emt 0:10:25]} 20. exd4 {[%emt 0:00:17]} Nb6 {[%emt 0:03:10]} 21. a4 {[%emt 0:05:00]} Qe6 {[%emt 0:01:54]} 22. a5 {[%emt 0:01:13]} Na8 {[%emt 0:02:12]} 23. Na4 {[%emt 0:05:37]} b6 {[%emt 0:03:02]} 24. axb6 {[%emt 0:01:26]} axb6 {[%emt 0:00:11]} 25. Bg2 {[%emt 0:01:58]} b5 {[%emt 0:08:52]} 26. Nc5 {[%emt 0:02:49]} Qe7 {[%emt 0:00:06]} 27. Re1 {[%emt 0:06:27]} Qc7 {[%emt 0:00:43]} 28. cxb5 {[%emt 0:00:35]} cxb5 {[%emt 0:00:26]} 29. Qb3 {[%emt 0:00:22]} Qb6 {[%emt 0:04:08]} 30. Re7 {[%emt 0:01:55]} Rf8 {[%emt 0:00:07]} 31. Ne6 {[%emt 0:13:56]} Rxc1+ {[%emt 0:00:14]} 32. Bxc1 {[%emt 0:00:04]} Rc8 {[%emt 0:01:29]} 33. Nxg7 {[%emt 0:00:14]} Rxc1+ {[%emt 0:00:04]} 34. Bf1 {[%emt 0:00:36]} 1-0